I Am Cow song lyrics - Statistics

General Stats
  • This quiz has been taken 3 times
  • The average score is 59 of 126
Answer Stats
Lyrics % Correct
am
100%
cow,
100%
cow
100%
cow!
100%
I
100%
moo
100%
And
67%
and
67%
as
67%
to
67%
by
33%
from
33%
From
33%
grass
33%
hear
33%
me
33%
my
33%
of
33%
on
33%
when
33%
you
33%
You
33%
ass
0%
barbecue
0%
B.C.
0%
belch
0%
butter's
0%
can
0%
cheese,
0%
comes
0%
cream
0%
curd,
0%
dinner
0%
eating
0%
everywhere
0%
Far
0%
gas
0%
good
0%
got
0%
hand
0%
here
0%
is
0%
I've
0%
land
0%
layer
0%
liquid
0%
living
0%
look
0%
Made
0%
Methane
0%
much
0%
muzzle
0%
Newfoundland
0%
Oh,
0%
out
0%
outcome
0%
ozone
0%
squeeze
0%
stand
0%
teats
0%
the
0%
thinner
0%
this
0%
twice
0%
udders
0%
upon
0%
weigh
0%
wide
0%
Yogurt,
0%
No matching quizzes found
Score Distribution
Percent of People with Each Score
Percentile by Number Answered
Your Score History
You have not taken this quiz